000 00840nam a22002777a 4500
003 CHAP
005 20220329135041.0
008 971013s1981 r 00010 d
010 _a30151
011 _a31123
035 _a35235
040 _cCHAP
082 _a634.955
_bN3
100 0 0 _aNamkoong, Gene.
_980105
245 _aintroduction to quantitative genetics in forestry
260 _aTunbridge Wells :
_bCastle House Publications,
_c1981
300 _a342 p.
590 _aBATCH-UPD
_b10
_c20130110
_lUCH01
_h0316
590 _aBATCH-UPD
_b10
_c20130409
_lUCH01
_h2349
590 _aBATCH-UPD
_b10
_c20130914
_lUCH01
_h1536
590 _aCONVERSION
_b10
_c20130109
_lUCH01
_h1317
650 1 4 _aGenética forestal.
_947489
901 _aBK
942 _cLIBRO
949 _a634.955 N3
_bBC
_cLIBRO
_d33724000236154
_eLIBRO
_h60110
_i35235
_si
999 _c30151
_d30151